000 002850000a22000970004500
100 1 _aBatista, Israel
245 1 0 _aLa presencia del Consejo Mundial de Iglesias en América Latina
300 _aVol. 18, Num 2 (Octubre, 1998), Páginas 49-69
773 0 _tVida y pensamiento
942 _cANA
999 _c53092
_d53092